000 00734pam a2200217 i 4500
020 _a080182138X :
020 _a0801821533 (pbk.) :
040 _cDLC
082 0 0 _a338 JOH 1980 A017 Or.
100 1 _aChoksi, Armeane M.,
245 1 4 _aThe planning of investment programs in the fertilizer industry /
260 _aBaltimore :
_bJohns Hopkins University Press ;
_a[Washington] :
_bpublished for the World Bank,
_cc1980.
300 _axv, 333 p. :
_bill. ;
_c24 cm.
490 1 _aThe Planning of investment programs ; v. 2
490 1 _aA World Bank research publication
650 0 _aFertilizer industry.
650 0 _aFertilizer industry
700 1 _aMeeraus, Alexander,
700 1 _aStoutjesdijk, Ardy J.,
942 _cEK
999 _c11993
_d11993